Cestovné náhrady pri cestách do zahraničia v roku 2006

Pracovná cesta zamestnanca v zahraničí ako daňový výdavok u zamestnávateľa alebo daňový výdavok u samostatne zárobkovo činnej osoby. Príklady. Výkon práce zamestnanca v zahraničí.

Saved in:
Bibliographic Details
Main Author: Jurášková, Eva
Format: Book Chapter
Language:Slovak
Subjects:
Tags: Add Tag
No Tags, Be the first to tag this record!

MARC

LEADER 00000naa$a2200000$$$4500
001 0038625
005 20231114090233.7
041 0 |a slo 
044 |a SK 
245 1 0 |a Cestovné náhrady pri cestách do zahraničia v roku 2006  |c Eva Jurášková 
520 |a Pracovná cesta zamestnanca v zahraničí ako daňový výdavok u zamestnávateľa alebo daňový výdavok u samostatne zárobkovo činnej osoby. Príklady. Výkon práce zamestnanca v zahraničí. 
610 2 0 |a cesty pracovné 
610 2 0 |a náhrada cestovného 
610 2 0 |a náhrada výdavkov 
610 2 0 |a 2006 
100 1 |a Jurášková, Eva